Report of the committee constituted for the drafting of a comprehensive : model public health (Record no. 493862)

000 -LEADER
fixed length control field 00333cam a22001097a 4500
008 - FIXED-LENGTH DATA ELEMENTS--GENERAL INFORMATION
fixed length control field 180718b1955 xxu||||| |||| 00| 0 eng d
082 ## - DEWEY DECIMAL CLASSIFICATION NUMBER
Classification number O03x54 In2
245 ## - TITLE STATEMENT
Title Report of the committee constituted for the drafting of a comprehensive : model public health
260 ## - PUBLICATION, DISTRIBUTION, ETC.
Place of publication, distribution, etc. Delhi
Name of publisher, distributor, etc.
Date of publication, distribution, etc. 1955
300 ## - PHYSICAL DESCRIPTION
Extent 29p
650 ## - SUBJECT ADDED ENTRY--TOPICAL TERM
Topical term or geographic name entry element Water supply - India
Holdings
Withdrawn status Lost status Damaged status Not for loan Permanent Location Current Location Date acquired Full call number Barcode Date last seen Price effective from Koha item type
        Indian Institute of Public Administration Indian Institute of Public Administration 2018-08-04 O03x54 In2 GR2406 2018-08-04 2018-08-04 GR

Powered by Koha